Advancements in drone technology (Record no. 121673)

MARC details
000 -LEADER
fixed length control field 01076ngm a2200181za 4500
007 - PHYSICAL DESCRIPTION FIXED FIELD--GENERAL INFORMATION
fixed length control field vz c| |k
008 - FIXED-LENGTH DATA ELEMENTS--GENERAL INFORMATION
fixed length control field 231005s2023 ||||||||o|||| 00| v|eng d
041 ## - LANGUAGE CODE
Language code of text/sound track or separate title eng
245 ## - TITLE STATEMENT
Title Advancements in drone technology
Subtitle a YouTube Video
260 ## - PUBLICATION INFORMATION
Publisher Royal Institution of Chartered Surveyors,
Date 5 October 2023
520 ## - ABSTRACT
Abstract In this video, Andrew Knight and Mike Edwards discuss the advancements in drone technology and its wide-ranging applications across various industries. Mike Edwards shares his journey into the drone industry and highlights the transformative potential of this technology. The conversation delves into the challenges of scaling drone operations within organizations, regulatory considerations, and the future possibilities of drone technology. .
650 ## - KEYWORDS
Keywords DRONES
650 ## - KEYWORDS
Keywords PROPTECH
651 ## - SUBJECT ADDED ENTRY--GEOGRAPHIC NAME
Geographic name International
690 ## - LOCAL SUBJECT ADDED ENTRY--TOPICAL TERM (OCLC, RLIN)
9 (RLIN) 6274
Topical term or geographic name as entry element PropTech
856 ## - ONLINE RESOURCE
Uniform Resource Identifier https://www.rics.org/news-insights/advancements-in-drone-technology
Public note View the introduction here on RICS.org
856 ## - ONLINE RESOURCE
Uniform Resource Identifier https://youtu.be/nHJlUx8k4JY?feature=shared
Public note View the YouTube video here
Holdings
Withdrawn status Lost status Damaged status Koha normalized classification for sorting Not for loan Home library Current library Shelving location Date acquired Total Checkouts Full call number Date last seen Price effective from Koha item type
      YOUTUBE_VIDEO   Virtual Virtual Online 05/10/2023   YouTube video 05/10/2023 05/10/2023 Online material